00309nam a2200109Ia 450000500170000000800410001710000260005824500650008426000260014930000110017565000130018620260326235456.0260326s9999||||xx |||||||||||||| ||und|| aRuiz Gómez, Darío 0aProceso de la Cultura en Antioquía /cDarío Ruiz Gómez bAutores Antioqueños a237 p. aCOLOMBIA